[Event "RSA-chT U20"]
[Site "Boksburg"]
[Date "2018.01.05"]
[Round "4.5"]
[White "Valentyn, Jason"]
[Black "Mokotjo, Pretty"]
[Result "1-0"]
[WhiteElo "1228"]
[BlackElo "520"]
[PlyCount "47"]
[EventDate "2018.01.04"]
[EventType "team-tourn"]
[EventRounds "7"]
[EventCountry "RSA"]
[SourceTitle "CBM 182 Extra"]
[Source "ChessBase"]
[SourceDate "2018.02.23"]
[SourceVersion "1"]
[SourceVersionDate "2018.02.23"]
[SourceQuality "1"]
[WhiteTeam "Nelson Mandela Bay U20"]
[BlackTeam "Mangaung U20"]
[WhiteTeamCountry "RSA"]
[BlackTeamCountry "RSA"]

1. e4 e5 2. Nf3 d6 3. d4 Bg4 4. dxe5 Bxf3 5. Qxf3 dxe5 6. Bc4 Nh6 7. Bxh6 Bb4+ 8. Bd2 Bxd2+ 9. Nxd2 Qf6 10. 0-0-0 Qxf3 11. Nxf3 0-0 12. Nxe5 g5 13. Nd7 Re8 14. Nf6+ Kg7 15. Nxe8+ Kf8 16. Nxc7 Nc6 17. Nxa8 a6 18. Rd7 Ne5 19. Rc7 b5 20. Bb3 Ng4 21. Rxf7+ Kg8 22. Rd1 Nf6 23. Rd8+ Ne8 24. Rxe8# 1-0

[Event "RSA-chT U20"]
[Site "Boksburg"]
[Date "2018.01.04"]
[Round "2.5"]
[White "Van der Lingen, Waldi"]
[Black "Mokotjo, Pretty"]
[Result "1-0"]
[WhiteElo "1411"]
[BlackElo "520"]
[PlyCount "41"]
[EventDate "2018.01.04"]
[EventType "team-tourn"]
[EventRounds "7"]
[EventCountry "RSA"]
[SourceTitle "CBM 182 Extra"]
[Source "ChessBase"]
[SourceDate "2018.02.23"]
[SourceVersion "1"]
[SourceVersionDate "2018.02.23"]
[SourceQuality "1"]
[WhiteTeam "Johannesburg Metro U20"]
[BlackTeam "Mangaung U20"]
[WhiteTeamCountry "RSA"]
[BlackTeamCountry "RSA"]

1. e4 e5 2. Nf3 d6 3. d4 Bg4 4. dxe5 Bxf3 5. Qxf3 dxe5 6. Bb5+ c6 7. Bc4 Qa5+ 8. Bd2 Bb4 9. Qxf7+ Kd8 10. Qxg7 Ne7 11. Qxh8+ Kc7 12. a3 Bxd2+ 13. Nxd2 b5 14. Qxe5+ Kd8 15. 0-0-0 Nd7 16. Qh8+ Kc7 17. Qxh7 bxc4 18. Qxe7 c3 19. Nb3 Qe5 20. Rxd7+ Kc8 21. Qd8# 1-0